Fr. Conceicao Rodrigues College of Engineering

Numerical Analysis (Record no. 20761)

MARC details
000 -LEADER
fixed length control field 00264nam a2200121Ia 4500
082 ## - DEWEY DECIMAL CLASSIFICATION NUMBER
Classification number 519.4
Item number SCH
100 ## - MAIN ENTRY--PERSONAL NAME
Personal name Schid/Francis
245 ## - TITLE STATEMENT
Title Numerical Analysis
260 ## - PUBLICATION, DISTRIBUTION, ETC.
Name of publisher, distributor, etc. McGraw Hill.( Schaum''s)
Date of publication, distribution, etc. 1989
546 ## - LANGUAGE NOTE
Language note ENGLISH
654 ## - SUBJECT ADDED ENTRY--FACETED TOPICAL TERMS
Focus term Numerical
942 ## - ADDED ENTRY ELEMENTS (KOHA)
Koha item type BOOK
Holdings
Withdrawn status Lost status Damaged status Not for loan Collection Home library Current library Date acquired Total Checkouts Full call number Barcode Date last seen Price effective from Koha item type
        CRC Fr. Agnel's C.Rodrigues College of Engineering Fr. Agnel's C.Rodrigues College of Engineering 17/03/2023   519.4 SCH 14246 17/03/2023 17/03/2023 BOOK
        CRC Fr. Agnel's C.Rodrigues College of Engineering Fr. Agnel's C.Rodrigues College of Engineering 17/03/2023   519.4 SCH 14247 17/03/2023 17/03/2023 BOOK